LIBRARY & INFORMATION CENTRE, KCAET, TAVANUR

ONLINE PUBLIC ACCESS CATALOGUE (OPAC)

Manual of fumigation for insect control / (Record no. 5460)

MARC details
000 -LEADER
fixed length control field 00599cam a2200205ua 4500
041 ## - LANGUAGE CODE
Language code of text/sound track or separate title eng
082 ## - DEWEY DECIMAL CLASSIFICATION NUMBER
Classification number 028.72636
Item number MON/MA
100 ## - MAIN ENTRY--AUTHOR NAME
Personal name Monro, H A U .
245 ## - TITLE STATEMENT
Title Manual of fumigation for insect control /
250 ## - EDITION STATEMENT
Edition statement 2 /
260 ## - PUBLICATION, DISTRIBUTION, ETC. (IMPRINT)
Place of publication New Delhi :
Name of publisher Oxford & IBH Publishing company ,
Year of publication 1980.
300 ## - PHYSICAL DESCRIPTION
Number of Pages 381 ; .
490 0# - SERIES STATEMENT
Series statement FAO Plant Production and Protection Series,
Volume number/sequential designation
942 ## - ADDED ENTRY ELEMENTS (KOHA)
Koha item type Books
Holdings
Withdrawn status Lost status Damaged status Home library Current library Date acquired Full call number Accession Number Koha item type
      KAUAET KAUAET 07/04/2012 028.72636 14666 Reference
free website counter